zpět

Detail výsledku týmu

Starobělská Koliba, Ostrava

Datum a čas kvízu

31 Celkem bodů Celkový počet nahraných bodů na tomto kvízu bez doplňovacích otázek.
2. Pořadí na kvízu Konečné umístění týmu na tomto kvízu.

Zaznamenané odpovědi

# Otázka Odpověď Body Výsledky
1. V pátek se dostala do prodeje... vlky 0
2. Jak se jmenuje politik, který... David Cameron 0
3. Který předmět pozemského původ... brašnu (s nářadím) 0
4. Největší slovenské knihkupectv... Martinus 1
5. Jeden bývalý český fotbalista... Petr Čech 1
6. Na začátek tématu a otázky si... třetím 1
7. Rozlohou druhé největší africk... Tanganika 0
8. Seřaďte africké ostrovy v pořa... 1B 2D 3C 4A 0
9. Jak se jmenuje město na úpatí... Kapské město (Cape Town) 1
10. Afrika se trhá, od zbytku se o... C 0